Normal view
MARC view
- Supervison Dr. Rizwan Saeed Choudhry
Entry Personal Name
001 - CONTROL NUMBER
- control field: 70213
003 - CONTROL NUMBER IDENTIFIER
- control field: NUST
005 - DATE AND TIME OF LATEST TRANSACTION
- control field: 20210628204412.0
008 - FIXED-LENGTH DATA ELEMENTS
- fixed length control field: 210628|| aca||aabn | a|a d
040 ## - CATALOGING SOURCE
- Original cataloging agency: NUST
- Transcribing agency: NUST
100 ## - HEADING--PERSONAL NAME
- Personal name: Supervison Dr. Rizwan Saeed Choudhry
670 ## - SOURCE DATA FOUND
- Source citation: Work cat.: (NUST): SUFIAN HIJAZ 15567, TH-SOF-1113-Enhancement of Mechanical Properties in Glass Fiber Epoxy Composites Using Nanomaterials, 2015
